000 00848nam a22002897a 4500
003 CHAP
005 20220817042922.0
008 971013s1994 r 00010 d
010 _a59853
011 _a60825
035 _a64988
040 _cCHAP
082 _a636.0831
_bW3
100 0 0 _aWathes, C. M.
_eed.
_9121175
245 _aLivestock housing
260 _aOxon :
_bCAB International,
_c1994
300 _a428 p.
_b: ilus.
590 _aBATCH-UPD
_b10
_c20130110
_lUCH01
_h0537
590 _aBATCH-UPD
_b10
_c20130110
_lUCH01
_h2230
590 _aCONVERSION
_b10
_c20130109
_lUCH01
_h1332
650 1 4 _aConstrucciones rurales.
_927378
650 1 4 _aGanado
_xAlojamiento.
_944890
700 0 _aCharles, D. R.
901 _aBK
942 _cLIBRO
949 _a636.0831 W3
_bBC
_cLIBRO
_d33724000082681
_eLIBRO
_gI.181548
_h90363
_i64988
_si
_t886.00
999 _c59853
_d59853